| 000 | 00502nam a2200169Ia 4500 | ||
|---|---|---|---|
| 008 | 240729s9999 xx 000 0 und d | ||
| 022 | _a2673-5210 | ||
| 245 | 0 | _aFrontiers in Future Transportation | |
| 260 | _aSwitzerland | ||
| 260 | _bFrontiers Media S.A. | ||
| 650 | _a Engineering (General). Civil engineering (General) | ||
| 650 | _a Transportation engineering | ||
| 650 | _aTechnology | ||
| 856 | _uhttps://doaj.org/toc/54de0cce33f840f9932eba8957039ccb | ||
| 942 | _2ddc | ||
| 942 | _cDOAJEJ | ||
| 999 |
_c67911 _d67911 |
||
| 945 |
_a1 _bMadushi Gamage _c1 _dMadushi Gamage |
||